00865nam a22002177a 450000500170000001000150001702000260003203500140005803700090007208200140008110000230009524500650011825000060018326000480018927001330023730000210037050000400039194200250043199900190045695201720047520241001123326.0 aENG-141855 a9789390869664c450.00 aEN-125387 bDBAD a370.1521 aGupta, Ajay972249 aCorporate Demons:bCreating Catalyst Leaders/cBy Ajay Gupta a1 bVishwakarma Publicationsc2022aMaharashtra a34A/1, Suyog Center, 7th floor, Gultekedi Marketyard Road, Giridhar Bhavan Chowk, e411037bPuneminfo@vpindia.co.ink9168682200 a292p.c22cm (pb) aA Book on Organisational Psychology 2ddccENh370.15mGUP c206041d206041 001040708NFICaBL1bBL1d2024-10-01eDelivery of Books Act Divisiong450.00l1m1o370.15 GUPpEN-125387r2026-04-15 15:13:07s2026-03-19t1v450.00w2024-10-01yEN